E-patent strategies for software, e-commerce, the Internet, telecom services, financial services, and business methods (with case studies and forecasts) (Registro nro. 90875)

Detalles MARC
000 -ENCABEZADO
Número de control [NR] 01026nam a22002417a 4500
008 - DE LONGITUD FIJA DE DATOS DE ELEMENTOS - INFORMACIÓN GENERAL
Elementos de longitud fija [NR] 130821s2000 xxua gr eng
020 ## - NUMERO INTERNACIONAL NORMALIZADO PARA LIBROS [R]
Número Internacional Normalizado del libro [NR] 0966143787
040 ## - FUENTE DE CATALOGACION [NR]
Agencia de catalogación original [NR] Co-BoUCM
Idioma de catalogación [NR] spa
041 00 - CODIGO DE IDIOMA [R]
Código de idioma para texto/pista de sonido o título separado [R] Inglés
100 1# - ASIENTO PRINCIPAL--NOMBRE PERSONAL [NR]
Nombre personal [NR] Glazier, Stephen C.
ID Autoridad 171561
245 10 - MENCION DE TITULO [NR]
Título [NR] E-patent strategies for software, e-commerce, the Internet, telecom services, financial services, and business methods (with case studies and forecasts)
Mención de responsabilidad, etc. [NR] Stephen C. Glazier.
260 ## - PUBLICACION, DISTRIBUCION, ETC. (PIE DE IMPRENTA) [R]
Lugar de publicación, distribución, etc. [R] Washington D.C. (Estados Unidos)
Nombre del editor, distribuidor, etc. [R] LBI Institute
Fecha de publicación, distribución, etc. [R] c2000
300 ## - DESCRIPCION FISICA [R]
Extensión [R] xxix, 193 páginas
Otros detalles físicos [NR] ilustraciones
500 ## - NOTA GENERAL [R]
Nota general [NR] Icluye índice.
650 04 - ASIENTO SECUNDARIO DE MATERIA - TERMINO TEMATICO [R]
Término temático o nombre geográfico como elemento de entrada [NR] Comercio electrónico
Subdivisión general [R] Legislación
Subdivisión geográfica [R] Estados Unidos
9 (RLIN) 11200
650 04 - ASIENTO SECUNDARIO DE MATERIA - TERMINO TEMATICO [R]
Término temático o nombre geográfico como elemento de entrada [NR] Derecho comercial
9 (RLIN) 12717
650 04 - ASIENTO SECUNDARIO DE MATERIA - TERMINO TEMATICO [R]
Término temático o nombre geográfico como elemento de entrada [NR] Derecho penal
9 (RLIN) 12805
650 04 - ASIENTO SECUNDARIO DE MATERIA - TERMINO TEMATICO [R]
Término temático o nombre geográfico como elemento de entrada [NR] Patentes de invención
Subdivisión general [R] Legislación
9 (RLIN) 21158
650 04 - ASIENTO SECUNDARIO DE MATERIA - TERMINO TEMATICO [R]
Término temático o nombre geográfico como elemento de entrada [NR] Programas para computador
Subdivisión de forma [R] Patentes
9 (RLIN) 22540
700 1# - ASIENTO SECUNDARIO - NOMBRE PERSONAL [R]
Nombre personal [NR] Glazier, Stephen C.
Title of a work Patent strategies for business.
9 (RLIN) 171562
942 ## - ELEMENTOS DE ENTRADA AGREGADOS (KOHA)
Tipo de ítem principal el descrito en 300a Libro
Sistema de clasificación DEWEY
Tema principal Derecho
Edición 1
Clasificación 346.730486
Parte restante de la signatura top. G553
Existencias
Fecha de último préstamo Signatura topográfica Código de barras Última vez visto Ejemplar Price effective from Tipo de ítem Perdido Sistema de clasificación Dañado No prestable Tipo de ítem específico Suprimido Ubicación habitual Ubicación actual Localización Fecha de creación Forma de adquisición Costo
01/02/2007 346.730486 G553 100082085 06/06/2024 Ej.1 03/02/2013 Libro   DEWEY     Libro   Bodega Bodega 3er piso 30/09/2007 Compra 300000.00